00698nam a2200205Ia 4500008004100000040001800041041000800059245008500067260006600152300001800218650004500236650002200281650003200303650002200335700002800357700002400385700002500409700002900434700002900463130821s1983 ck gr spa  aCo-BoUCMbspa aspa10aConcordatos y quiebras de los comerciantescHernando Morales Molina... [et al.]. aMedellín (Antioquia, Colombia)bBiblioteca Jurídicac1983 a270 páginas04aConcordato (Derecho comercial)zColombia04aDerecho comercial04aDerecho comercialzColombia04aQuiebrazColombia1 aGabino Pinzón, José1 aGaviria G., Enrique1 aMontoya Gil, Horacio1 aMorales Molina, Hernando1 aTrujillo Calle, Bernardo